Welcome to the Holygrace Academy Library

Please use search bar below to get started

THE RUNAWAY PUPPY (Record no. 2590)

MARC details
000 -LEADER
fixed length control field 00353nam a22001457a 4500
020 ## - INTERNATIONAL STANDARD BOOK NUMBER
ISBN 978-81-87649-61-8
082 ## - DEWEY DECIMAL CLASSIFICATION NUMBER
Classification number 823
Item number MUR/R
100 ## - MAIN ENTRY--AUTHOR NAME
Personal name MURTHY, SARANG DEV
245 ## - TITLE STATEMENT
Title THE RUNAWAY PUPPY
Remainder of title SHORT STORY
246 ## - VARYING FORM OF TITLE
Title proper/short title THE RUNAWAY PUPPY
Remainder of title SHORT STORY
260 ## - PUBLICATION, DISTRIBUTION, ETC. (IMPRINT)
Place of publication DELHI
Name of publisher KATHA
Year of publication 2012
520 ## - SUMMARY, ETC.
Summary, etc SHORT STORY
650 ## - SUBJECT ADDED ENTRY--TOPICAL TERM
Topical Term SHORT STORY
942 ## - ADDED ENTRY ELEMENTS (KOHA)
Koha item type Books
Holdings
Withdrawn status Lost status Collection code Home library Current library Shelving location Date acquired Source of acquisition Full call number Accession Number Koha item type
    Fiction Main Library Main Library SHELF 4-D MYTHOLOGY 12/12/2019 Purchase 823 MUR/R 12320 Books